| 000 | 01617cam a2200445 4500 | ||
|---|---|---|---|
| 001 | L128492 | ||
| 008 | 020402n2005 000 0 eng u | ||
| 020 | _a1842192140 | ||
| 035 | _a(Sirsi) u128492 | ||
| 041 | _aeng | ||
| 050 |
_a306.1094 _c18 |
||
| 100 | _aBall, Michael | ||
| 245 |
_aRICS European housing review 2005 _h[electronic resource] |
||
| 260 |
_aLondon _bRICS _c2005 |
||
| 300 | _a155p. | ||
| 520 | _aThe "RICS European housing review", now in its sixth year, examines the macroeconomic and demographic influences on the main European housing markets. Provides introductory surveys on the housing markets in Europe, the second home boom, housing in the new EU countries and brief summaries of housing conditions in the countries surveyed. Presents 17 in-depth country reports including reports on two new accession countries Hungary and Poland. | ||
| 590 | _aIKA190505 | ||
| 650 | _aEUROPE | ||
| 650 | _aAUSTRIA | ||
| 650 | _aBELGIUM | ||
| 650 | _aDENMARK | ||
| 650 | _aFINLAND | ||
| 650 | _aFRANCE | ||
| 650 | _aGERMANY | ||
| 650 | _aGREECE | ||
| 650 | _aHUNGARY | ||
| 650 | _aIRELAND | ||
| 650 | _aITALY | ||
| 650 | _aNETHERLANDS | ||
| 650 | _aPOLAND | ||
| 650 | _aPORTUGAL | ||
| 650 | _aSPAIN | ||
| 650 | _aSWEDEN | ||
| 650 | _aSWITZERLAND | ||
| 650 | _aUNITED KINGDOM | ||
| 650 | _aANNUAL REVIEW OF EUROPEAN HOUSING | ||
| 690 | _aPROPERTY-RESIDENTIAL PROPERTY-RESIDENTIAL PROPERTY MARKET | ||
| 856 |
_uhttps://www.rics.org/site/download_feed.aspx?fileID=1307&fileExtension=PDF _zView the report free of charge on the www.rics.org website. |
||
| 942 | _n0 | ||
| 999 |
_c103931 _d103931 |
||